MARC

LEADER 00000nam0a2200000 4500
001 324769
005 20231102003711.0
035 |a (RuTPU)RU\TPU\book\350380 
090 |a 324769 
100 |a 20161122d1970 km y0rusy50 ca 
101 0 |a rus 
102 |a RU 
105 |a y z 000zb 
200 1 |a Ленин В. И. о научных основах руководства социалистическим обществом  |f под ред. М. Ф. Фетисовой 
210 |a Москва  |c Мысль  |d 1970 
215 |a 399 с. 
600 1 |a Ленин  |b В. И.  |c настоящая фамилия Ульянов  |c российский политический деятель  |f 1870-1924  |g Владимир Ильич  |2 stltpush  |3 (RuTPU)RU\TPU\pers\1074  |9 486 
606 1 |a Управление обществом при социализме  |2 stltpush  |3 (RuTPU)RU\TPU\subj\37992  |9 58730 
610 1 |a социалистическое общество 
610 1 |a научное управление 
610 1 |a ленинская концепция 
610 1 |a ленинские принципы 
610 1 |a организация производства 
610 1 |a НОТ 
610 1 |a научная организация труда 
610 1 |a правовое регулирование 
610 1 |a государственные организации 
686 |a С55.372  |v LBC/SL-A  |2 rubbk 
702 1 |a Фетисова  |b М. Ф.  |4 340 
801 1 |a RU  |b 63413507  |c 20161122 
801 2 |a RU  |b 63413507  |c 20210812  |g RCR 
942 |c BK